000 005200000a22001930004500
003 LK-CoMWRAF
005 20231225170725.0
008 230817t1951 ||||| |||| 00| 0 eng d
040 _aLK-CoMWRAF
_dLK-CoMWRAF
_eLK-CoMWRAF
041 _aeng
082 _a346.41
_bWIL
100 _aWilson, H.A.R
245 _a An outline of the law of trusts and trustees
260 _aLondon:
_bH.F.L. (Publishers),
_c1951
300 _a 59 p. 25 cm.
650 _aLAW OF TRUSTS AND TRUSTEES
700 _aBeattie, C.N
942 _cBK
999 _c100
_d100